Miasta w Polsce według podpowiedzi - wersja trudna - Statystyki

Ogólne statystyki
  • Ten quiz został rozwiązany 52 razy
    34 od ostatniego zresetowania
  • Średni wynik to 5 z 15
Statystyki odpowiedzi
Podpowiedź Miasto % Poprawnych
Najbardziej na północ wysunięte miasto w Polsce Władysławowo
73%
Jeden jest Podhalański, a drugi Mazowiecki Maków
67%
Podzielone na pół granicą z Niemcami. Po niemieckiej stronie nazywa się Frankfurt nad Odrą, a po polskiej... Słubice
55%
Znajduje się tam Akademia Policji Szczytno
48%
Miejscowość urodzenia Fryderyka Chopina jest często mylona właśnie z tym miastem Stalowa Wola
42%
Największe miasto bez dostępu do kolei pasażerskiej (ma się to zmienić w najbliższych latach) Jastrzębie-Zdrój
39%
Jest tu najwyższa latarnia morska w Polsce Świnoujście
36%
Ma najmłodszą sieć tramwajową w Polsce Olsztyn
33%
Jedna z dzielnic tego dużego miasta została nazwana od nazwiska prezydenta Polski Tarnów
24%
Położone w woj. lubelskim, znajdował się tam obóz zagłady Bełżec
21%
Znajdował się tam trójstyk zaborców Polski Sosnowiec
15%
Najszybciej wyludniające się miasto w Polsce Hel
12%
Zrównane z ziemią końcem II wojny światowej, nigdy nie odbudowane Kostrzyn nad Odrą
9%
Leżące w centralnej Polsce, do 2011 posiadało skocznię narciarską Warszawa
9%
Zbudowane przez Niemców jako miasto graniczne, obecnie w woj. lubuskim Zbąszynek
9%
Nie znaleziono quizów pasujących do podanych kryteriów
Rozkład punktacji
Procent ludzi z każdym wynikiem
Percentyl według liczby udzielonych odpowiedzi
Twoja historia wyników
Nie rozwiązałeś tego quizu od ostatniego zresetowania